000 00623nam a22002057a 4500
999 _c158968
_d158968
006 a|||||f|||| 00| 0
007 tc
008 180713b xxu|||||f|||| 00| 0 eng d
010 _aB-406411
020 _c05.00
035 _aB-406411
037 _bA.I.C.B.
082 _a340
245 _aUnconvention on the Right
260 _aNew Delhi
_bA.I.C.B.
_cN.D.
270 _aSector-5, Rohini,
_bNew Delhi
_e110085
300 _avarious pages
_c30cm(HB)
942 _2ddc
_cBRLEN
_h340
_mUNC